| 000 | 00837nam a22002657a 4500 | ||
|---|---|---|---|
| 003 | CBULib | ||
| 005 | 20230727124753.0 | ||
| 008 | 230503b |||||||| |||| 00| 0 eng d | ||
| 020 | _a9780128021729 | ||
| 040 |
_aCBULib _cCBULib _bEnglish _erda |
||
| 041 | _aeng | ||
| 050 | _aQH 603 Nuc | ||
| 100 |
_aForrest, Douglas _9301 |
||
| 245 |
_aNuclear receptors in development and disease _c/ edited by Douglas Forrest |
||
| 260 |
_aLondon : _bAcademic Press, _c2017 |
||
| 300 | _axvi, 403 pages : illustrations | ||
| 336 |
_2rdacontent _aText | _btxt |
||
| 337 |
_2rdamedia _aUnmediated | _bn |
||
| 338 |
_2rdacarrier _aVolume _bnc |
||
| 504 | _aIncludes bibliographic references and index. | ||
| 650 | 0 |
_aNUCLEAR RECEPTORS _9302 |
|
| 650 | 0 |
_aRECEPTORS, CYTOPLASMIC AND NUCLEAR _9303 |
|
| 700 | 1 |
_9304 _aTsai, Sophia |
|
| 942 |
_c002 _2lcc |
||
| 999 |
_c78241 _d78241 |
||